Lake Erie Islands Quiz Stats

 Plays Quiz not verified by Sporcle

Challenge
Share
Tweet
Embed
Score 0/10 Timer 05:00
0 Plays Today
Nation Island % Correct
CanadaPelee Island
89.1%
USASouth Bass Island
82.8%
CanadaMiddle Island
81.3%
USAKelleys Island
79.7%
USANorth Bass Island
75%
USAMiddle Bass Island
67.2%
USARattlesnake Island
59.4%
USAJohnson's Island
50%
USAWest Sister Island
40.6%
CanadaEast Sister Island
32.8%

You're not logged in!

Compare scores with friends on all Sporcle quizzes.
Join for Free
OR
Log In

You Might Also Like...

Show Comments

Extras

Top Quizzes Today


Score Distribution

Your Account Isn't Verified!

In order to create a playlist on Sporcle, you need to verify the email address you used during registration. Go to your Sporcle Settings to finish the process.

Report this User

Report this user for behavior that violates our Community Guidelines.

Details: